• 首页
  • 本馆介绍
  • 公告通知
  • 最新文献
  • 馆藏检索
  • 电子资源
  • 读者导购
  • 参考咨询
  • 我的图书馆
  • 登录
  • 详细信息显示
  • 放入我的书架
  • 预约/预借图书
  • 作者相关作品
  • 分类相关作品
  • 丛书相关作品
  • 出版社相关作品

书目信息

  • 表格格式
  • 工作单格式
  • 卡片格式
题名:
邓小平理论和“三个代表”重要思想概论
    
 
作者: 曲庆彪 主编
分册:  
出版信息: 北京   高等教育出版社  2004
页数: 272页
开本: 20cm
丛书名:
单 册:
中图分类: A849 , D26
科图分类:
主题词: 邓小平理论--高等师范教育--教材 , “三个代表”--高等师范教育--教材
电子资源:
ISBN: 7-04-015525-7
000 00874n|m0 2200241 450
001 1534392734
005 20150201093334.29
010    @a7-04-015525-7@dCNY11.20
100    @a20041025d2004 em y0chiy50 ea
101 0  @achi
102    @aCN@b110000
105    @ay z 000yy
200 1  @a邓小平理论和“三个代表”重要思想概论@9deng xiao ping li lun he “ san ge dai biao ” zhong yao si xiang gai lun@f曲庆彪主编
210    @a北京@c高等教育出版社@d2004
215    @a272页@d20cm
330    @a本书把改革开放以来党的第二代领导集体与第三代领导集体的理论观点进行有机整合,体现了邓小平理论与“三个代表”重要思想的系统性和现实性。
606 0  @a邓小平理论@x高等师范教育@j教材
606 0  @a“三个代表”@x高等师范教育@j教材
690    @aA849@v5
690    @aD26@v5
701  0 @a曲庆彪@9qu qing biao@f(1954.10~)@4主编
801  0 @aCN@bTSSF@c20150201
905    @aZUCC@dA849@eJY3
    
    邓小平理论和“三个代表”重要思想概论/曲庆彪主编.-北京:高等教育出版社,2004
    272页;20cm
    
    
    ISBN 7-04-015525-7:CNY11.20
    本书把改革开放以来党的第二代领导集体与第三代领导集体的理论观点进行有机整合,体现了邓小平理论与“三个代表”重要思想的系统性和现实性。
●
相关链接 在E读中查询图书 在五车中查询图书 在当当中查询图书 在豆瓣中查询图书


正题名:邓小平理论和"三个代表"重要思想概论     索取号:A849/JY3         预约/预借

序号 登录号 条形码 馆藏地/架位号 状态 备注
1 7857411   278574115   学院路分馆/ [索取号:A849/JY3] 在馆    
唐山师范学院图书馆 欢迎您!
大连网信软件有限公司© 版权所有